[Event "CZE-ch U12 2020"]
[Site "Kouty nad Desnou"]
[Date "2020.03.09"]
[Round "4.4"]
[White "Day, Tobias"]
[Black "Soucek, Jan"]
[Result "1-0"]
[WhiteElo "1837"]
[BlackElo "1872"]
[Annotator "NA"]
[PlyCount "119"]
[EventDate "2020.03.07"]
[EventCountry "CZE"]
[SourceTitle "playchess.com"]
[Source "ChessBase"]
[SourceQuality "1"]
[TimeControl "5400+30"]

1. e4 {[%emt 0:00:00]} c5 {[%emt 0:00:00]} 2. Nc3 {[%emt 0:00:00]} e6 {[%emt 0:00:00]} 3. f4 {[%emt 0:00:42]} Nc6 {[%emt 0:00:34]} 4. Nf3 {[%emt 0:01:09]} Nge7 {[%emt 0:05:17]} 5. g3 {[%emt 0:01:31]} Ng6 {[%emt 0:23:10]} 6. Bg2 {[%emt 0:01:32] B23: Closed Sicilian: Lines without g3.} Be7 {[%emt 0:00:26]} 7. O-O {[%emt 0:01:39]} O-O {[%emt 0:00:21] [#]} 8. f5 $146 {[%emt 0:05:52]} ({Predecessor:} 8. d3 f5 9. Be3 b6 10. Qd2 Rb8 11. Rae1 b5 12. h3 d6 13. Kh2 Qc7 14. a3 {0-1 (43) Albert,E (1166)-Muedder,M (1631) Willingen 2016}) 8... Nge5 $1 {[%emt 0:02:39]} 9. Nxe5 {[%emt 0:01:10]} Nxe5 {[%emt 0:00:14]} 10. b3 {[%emt 0:01:30]} Bf6 {[%emt 0:01:44]} 11. Bb2 {[%emt 0:01:21]} b6 {[%emt 0:02:20]} 12. d4 {[%emt 0:07:25]} cxd4 {[%emt 0:01:46]} 13. Ne2 {[%emt 0:00:28]} Ba6 {[%emt 0:07:22]} 14. Bxd4 {[%emt 0:01:38] [#]} Bxe2 $1 {[%emt 0:01:22]} 15. Qxe2 {[%emt 0:00:48]} Nf3+ {[%emt 0:00:22]} 16. Bxf3 {[%emt 0:00:37]} Bxd4+ {[%emt 0:00:07]} 17. Kh1 {[%emt 0:00:46]} Bxa1 {[%emt 0:00:19]} 18. Rxa1 {[%emt 0:00:12]} Rc8 {[%emt 0:01:58]} 19. Rd1 {[%emt 0:01:05]} Qc7 {[%emt 0:01:08]} 20. c4 $19 {[%emt 0:00:52]} Rfd8 {[%emt 0:03:19]} 21. Rd4 {[%emt 0:04:15]} Qe5 {[%emt 0:05:40]} 22. Qd3 {[%emt 0:00:57]} d6 {[%emt 0:00:30]} 23. Bg4 {[%emt 0:03:04]} Rc6 {[%emt 0:03:59]} 24. Kg2 {[%emt 0:03:34]} Rdc8 {[%emt 0:02:44]} 25. a4 {[%emt 0:08:10]} a6 {[%emt 0:01:28]} 26. b4 {[%emt 0:03:05]} h6 {[%emt 0:07:17]} 27. fxe6 {[%emt 0:03:35]} fxe6 {[%emt 0:07:19]} 28. b5 {[%emt 0:00:33]} axb5 {[%emt 0:05:26]} 29. axb5 {[%emt 0:00:22]} R6c7 {[%emt 0:01:02]} 30. Rxd6 {[%emt 0:01:07]} Re7 {[%emt 0:02:33]} 31. Rxb6 {[%emt 0:01:18]} Ra8 {[%emt 0:00:45]} 32. Ra6 {[%emt 0:03:02]} Rxa6 {[%emt 0:05:08]} 33. bxa6 {[%emt 0:00:38]} Qb2+ {[%emt 0:05:51]} 34. Kh3 {[%emt 0:01:16]} Qb6 {[%emt 0:01:06]} 35. e5 {[%emt 0:12:18]} Rc7 {[%emt 0:01:43]} 36. Qd6 {[%emt 0:02:53]} Qb8 {[%emt 0:00:26]} 37. Bxe6+ {[%emt 0:00:32]} Kh8 {[%emt 0:00:06]} 38. Bg4 {[%emt 0:01:49]} Qa7 {[%emt 0:00:56]} 39. Qf8+ {[%emt 0:04:52]} Kh7 {[%emt 0:00:07]} 40. e6 {[%emt 0:03:48]} Re7 {[%emt 0:00:14]} 41. c5 {[%emt 0:06:11]} Qxc5 {[%emt 0:00:55]} 42. Qf5+ {[%emt 0:00:24]} Qxf5 {[%emt 0:00:14]} 43. Bxf5+ {[%emt 0:00:04]} g6 {[%emt 0:00:31]} 44. Be4 {[%emt 0:00:29]} Ra7 {[%emt 0:00:32]} 45. e7 {[%emt 0:00:17]} Rxe7 {[%emt 0:00:14]} 46. Bb7 {[%emt 0:00:09]} Re8 {[%emt 0:00:28]} 47. a7 {[%emt 0:00:14]} Kg7 {[%emt 0:00:05]} 48. a8=Q {[%emt 0:00:35]} Rxa8 {[%emt 0:00:01]} 49. Bxa8 {[%emt 0:00:09]} Kf6 {[%emt 0:00:11]} 50. Kg4 {[%emt 0:01:55]} Ke5 {[%emt 0:00:40]} 51. h4 {[%emt 0:00:56]} Kf6 {[%emt 0:01:02]} 52. Be4 {[%emt 0:01:37]} Kg7 {[%emt 0:00:33]} 53. h5 {[%emt 0:01:44]} g5 {[%emt 0:00:06]} 54. Kf5 {[%emt 0:00:04]} Kf7 {[%emt 0:00:17]} 55. Bd5+ {[%emt 0:00:04]} Kg7 {[%emt 0:00:08]} 56. Be6 {[%emt 0:00:14]} Kh7 {[%emt 0:00:11]} 57. Kf6 {[%emt 0:00:15]} Kh8 {[%emt 0:00:07]} 58. Kg6 {[%emt 0:00:07]} g4 {[%emt 0:00:08]} 59. Bxg4 {[%emt 0:00:06]} Kg8 {[%emt 0:00:05]} 60. Kxh6 {[%emt 0:00:05]} 1-0

[Event "CZE-ch U12 2020"]
[Site "Kouty nad Desnou"]
[Date "2020.03.09"]
[Round "4.5"]
[White "Veverka, Vladimir"]
[Black "Hladky, Tadeas"]
[Result "1/2-1/2"]
[WhiteElo "1656"]
[BlackElo "1773"]
[Annotator "NA"]
[PlyCount "106"]
[EventDate "2020.03.07"]
[EventCountry "CZE"]
[SourceTitle "playchess.com"]
[Source "ChessBase"]
[SourceQuality "1"]
[TimeControl "5400+30"]

1. e4 {[%emt 0:00:00]} Nf6 {[%emt 0:00:00]} 2. Nc3 {[%emt 0:03:09]} d5 {[%emt 0:00:03]} 3. exd5 {[%emt 0:00:11]} Nxd5 {[%emt 0:00:06]} 4. Nxd5 {[%emt 0:01:35]} Qxd5 {[%emt 0:00:05]} 5. d4 {[%emt 0:00:34]} Bf5 {[%emt 0:00:19]} 6. c3 {[%emt 0:08:53]} e6 {[%emt 0:00:29]} 7. Nf3 {[%emt 0:10:16]} Be7 {[%emt 0:00:39]} 8. Bd3 {[%emt 0:02:28]} Bxd3 {[%emt 0:00:12]} 9. Qxd3 {[%emt 0:00:10]} O-O {[%emt 0:00:36]} 10. O-O {[%emt 0:01:13]} Na6 {[%emt 0:02:20]} 11. Be3 {[%emt 0:01:11]} c5 {[%emt 0:01:09]} 12. Rfd1 {[%emt 0:00:50]} c4 {[%emt 0:01:15]} 13. Qe2 {[%emt 0:03:09]} Nc7 {[%emt 0:03:19]} 14. h3 {[%emt 0:01:58]} b5 {[%emt 0:01:04]} 15. Bf4 {[%emt 0:04:56]} Rfc8 {[%emt 0:02:33]} 16. a3 {[%emt 0:02:40]} Ne8 {[%emt 0:02:42]} 17. Qe5 {[%emt 0:03:36]} Nf6 {[%emt 0:00:39]} 18. Bg5 {[%emt 0:03:49]} Bd6 {[%emt 0:02:22]} 19. Qxd5 {[%emt 0:02:03]} Nxd5 {[%emt 0:00:05]} 20. Ne1 {[%emt 0:03:45]} a5 {[%emt 0:01:04]} 21. Bd2 {[%emt 0:01:33]} Kf8 {[%emt 0:01:21]} 22. Nc2 {[%emt 0:01:38]} Ke7 {[%emt 0:01:51]} 23. g3 {[%emt 0:01:34]} Rcb8 {[%emt 0:02:24]} 24. Ne3 {[%emt 0:01:49]} Nxe3 {[%emt 0:00:41]} 25. Bxe3 {[%emt 0:01:39]} b4 {[%emt 0:00:18]} 26. axb4 {[%emt 0:01:10]} axb4 {[%emt 0:01:03]} 27. Bg5+ {[%emt 0:05:40]} f6 {[%emt 0:00:57]} 28. Bd2 {[%emt 0:02:03]} b3 {[%emt 0:00:19]} 29. Kf1 {[%emt 0:02:36]} Ra2 {[%emt 0:00:25]} 30. Ke2 {[%emt 0:06:20]} Rxb2 {[%emt 0:00:28]} 31. Ra7+ {[%emt 0:01:05]} Kf8 {[%emt 0:00:13]} 32. Ra6 {[%emt 0:05:27]} Be7 {[%emt 0:01:26]} 33. Rxe6 {[%emt 0:01:17]} Ra2 {[%emt 0:00:35]} 34. Rb1 {[%emt 0:01:35]} Ba3 {[%emt 0:06:18]} 35. Kd1 {[%emt 0:05:21]} Re8 {[%emt 0:01:52]} 36. Rc6 {[%emt 0:06:09]} b2 {[%emt 0:00:28]} 37. Be3 {[%emt 0:00:55]} f5 {[%emt 0:02:45]} 38. Rxc4 {[%emt 0:02:33]} Ra1 {[%emt 0:00:19]} 39. Kc2 {[%emt 0:00:29]} g5 {[%emt 0:00:07]} 40. Rc6 {[%emt 0:00:54]} Kf7 {[%emt 0:01:00]} 41. Rc7+ {[%emt 0:00:59]} Kg8 {[%emt 0:00:59]} 42. d5 {[%emt 0:01:07]} f4 {[%emt 0:00:25]} 43. gxf4 {[%emt 0:00:15]} Rxb1 {[%emt 0:00:50]} 44. Kxb1 {[%emt 0:00:09]} gxf4 {[%emt 0:00:06]} 45. Bd2 {[%emt 0:01:09]} Re2 {[%emt 0:00:31]} 46. Rc8+ {[%emt 0:00:11]} Kf7 {[%emt 0:00:29]} 47. Rc7+ {[%emt 0:00:45]} Kf6 {[%emt 0:00:40]} 48. Rc6+ {[%emt 0:00:32]} Kf7 {[%emt 0:01:37]} 49. Rc7+ {[%emt 0:00:25]} Ke8 {[%emt 0:01:38]} 50. Rc8+ {[%emt 0:00:30]} Kd7 {[%emt 0:00:05]} 51. Ra8 {[%emt 0:00:25]} Rxd2 {[%emt 0:00:54]} 52. Rxa3 {[%emt 0:00:25]} Kd6 {[%emt 0:00:47]} 53. c4 {[%emt 0:00:43]} Rxf2 {[%emt 0:01:37]} 1/2-1/2

[Event "CZE-ch U12 2020"]
[Site "Kouty nad Desnou"]
[Date "2020.03.09"]
[Round "4.6"]
[White "Sedmihradsky, Tomas"]
[Black "Juhanak, Daniel"]
[Result "0-1"]
[WhiteElo "1024"]
[BlackElo "1656"]
[Annotator "NA"]
[PlyCount "72"]
[EventDate "2020.03.07"]
[EventCountry "CZE"]
[SourceTitle "playchess.com"]
[Source "ChessBase"]
[SourceQuality "1"]
[TimeControl "5400+30"]

1. d4 {[%emt 0:00:00]} Nf6 {[%emt 0:00:00]} 2. Nf3 {[%emt 0:00:00]} e6 {[%emt 0:00:12]} 3. c3 {[%emt 0:00:08]} b6 {[%emt 0:00:25]} 4. Bg5 Bb7 {[%emt 0:00:40]} 5. Nbd2 {[%emt 0:01:33]} d5 {[%emt 0:01:05]} 6. e3 {[%emt 0:00:36]} c5 {[%emt 0:00:39]} 7. Bb5+ {[%emt 0:01:22]} Bc6 {[%emt 0:06:41]} 8. Qa4 {[%emt 0:00:53]} Bxb5 {[%emt 0:03:45]} 9. Qxb5+ {[%emt 0:00:15]} Nbd7 {[%emt 0:01:30]} 10. Ne5 {[%emt 0:02:21]} Be7 {[%emt 0:02:02]} 11. Bxf6 {[%emt 0:01:17]} Bxf6 {[%emt 0:02:58]} 12. Qxd7+ {[%emt 0:00:46]} Qxd7 {[%emt 0:00:24]} 13. Nxd7 {[%emt 0:00:03]} Kxd7 {[%emt 0:00:06]} 14. dxc5 {[%emt 0:00:42]} bxc5 {[%emt 0:00:25]} 15. Nb3 {[%emt 0:02:14]} Kc6 {[%emt 0:02:01]} 16. O-O {[%emt 0:00:53]} a5 {[%emt 0:03:11]} 17. Rab1 {[%emt 0:05:38]} Rhb8 {[%emt 0:11:51]} 18. Nd2 {[%emt 0:02:34]} Rb6 {[%emt 0:08:30]} 19. Rfc1 {[%emt 0:01:28]} Rab8 {[%emt 0:18:09]} 20. b3 {[%emt 0:03:29]} Kd6 {[%emt 0:04:28]} 21. c4 {[%emt 0:02:23]} a4 {[%emt 0:03:11]} 22. cxd5 {[%emt 0:01:18]} exd5 {[%emt 0:00:46]} 23. Rd1 {[%emt 0:03:13]} Kc6 {[%emt 0:02:20]} 24. Kf1 {[%emt 0:04:14]} Bc3 {[%emt 0:03:36]} 25. bxa4 {[%emt 0:02:33]} Rb2 {[%emt 0:09:36]} 26. Rxb2 {[%emt 0:01:36]} Rxb2 {[%emt 0:00:48]} 27. Nb1 {[%emt 0:00:23]} Ba5 {[%emt 0:03:47]} 28. a3 {[%emt 0:00:45]} Rc2 {[%emt 0:00:46]} 29. g3 {[%emt 0:06:20]} c4 {[%emt 0:01:35]} 30. Kg2 {[%emt 0:01:12]} c3 {[%emt 0:00:43]} 31. e4 {[%emt 0:02:28]} dxe4 {[%emt 0:01:48]} 32. Rd4 {[%emt 0:00:54]} e3 {[%emt 0:00:26]} 33. Nxc3 {[%emt 0:01:27]} Bxc3 {[%emt 0:00:40]} 34. Rc4+ {[%emt 0:00:27]} Kd5 {[%emt 0:00:21]} 35. Rxc3 {[%emt 0:00:17]} Rxc3 {[%emt 0:00:06]} 36. fxe3 {[%emt 0:00:13]} Rxe3 {[%emt 0:00:03]} 0-1

[Event "CZE-ch U12 2020"]
[Site "Kouty nad Desnou"]
[Date "2020.03.09"]
[Round "4.7"]
[White "Jasso, Matej"]
[Black "Kubin, Tomas Daniel"]
[Result "1-0"]
[WhiteElo "1582"]
[BlackElo "1484"]
[Annotator "NA"]
[PlyCount "57"]
[EventDate "2020.03.07"]
[EventCountry "CZE"]
[SourceTitle "playchess.com"]
[Source "ChessBase"]
[SourceQuality "1"]
[TimeControl "5400+30"]

1. e4 {[%emt 0:00:00]} d5 {[%emt 0:00:00]} 2. exd5 {[%emt 0:00:00]} Nf6 {[%emt 0:00:00]} 3. d4 {[%emt 0:00:02]} Nxd5 {[%emt 0:00:05]} 4. c4 {[%emt 0:00:24]} Nb6 {[%emt 0:00:28]} 5. Nf3 {[%emt 0:00:31]} g6 {[%emt 0:00:14]} 6. Nc3 {[%emt 0:00:17]} Bg7 {[%emt 0:00:14]} 7. Be3 {[%emt 0:00:10]} O-O {[%emt 0:00:31]} 8. h3 {[%emt 0:00:19]} Nc6 {[%emt 0:01:07]} 9. Be2 {[%emt 0:01:06]} e5 {[%emt 0:03:07]} 10. d5 {[%emt 0:05:03]} Ne7 {[%emt 0:02:39]} 11. O-O {[%emt 0:00:53]} f5 {[%emt 0:07:35]} 12. Qb3 {[%emt 0:02:59]} Kh8 {[%emt 0:03:46]} 13. Rad1 {[%emt 0:01:56]} e4 {[%emt 0:19:47]} 14. Ng5 {[%emt 0:07:41]} f4 {[%emt 0:25:38]} 15. Bxb6 {[%emt 0:01:56]} axb6 {[%emt 0:00:38]} 16. Ncxe4 {[%emt 0:03:19]} Nf5 {[%emt 0:01:39]} 17. Nf3 {[%emt 0:07:04]} Re8 {[%emt 0:04:48]} 18. Neg5 {[%emt 0:02:16]} Nd6 {[%emt 0:02:16]} 19. Bd3 {[%emt 0:01:16]} Bd7 {[%emt 0:01:43]} 20. Rde1 {[%emt 0:03:37]} Ba4 {[%emt 0:06:29]} 21. Qb4 {[%emt 0:00:22]} c5 {[%emt 0:01:19]} 22. dxc6 {[%emt 0:01:57]} Bxc6 {[%emt 0:01:17]} 23. Qxd6 {[%emt 0:01:45]} Qxd6 {[%emt 0:00:11]} 24. Nf7+ {[%emt 0:00:06]} Kg8 {[%emt 0:00:10]} 25. Nxd6 {[%emt 0:00:09]} Red8 {[%emt 0:00:19]} 26. c5 {[%emt 0:00:26]} Kf8 {[%emt 0:01:17]} 27. Ng5 {[%emt 0:00:33]} Rd7 {[%emt 0:01:31]} 28. Ne6+ {[%emt 0:01:16]} Kg8 {[%emt 0:00:37]} 29. Bc4 {[%emt 0:01:07]} 1-0

[Event "CZE-ch U12 2020"]
[Site "Kouty nad Desnou"]
[Date "2020.03.09"]
[Round "4.8"]
[White "Matusik, Ondrej"]
[Black "Martirosyan, David"]
[Result "0-1"]
[WhiteElo "1482"]
[BlackElo "1522"]
[Annotator "NA"]
[PlyCount "58"]
[EventDate "2020.03.07"]
[EventCountry "CZE"]
[SourceTitle "playchess.com"]
[Source "ChessBase"]
[SourceQuality "1"]
[TimeControl "5400+30"]

1. e4 {[%emt 0:00:00]} c5 {[%emt 0:00:00]} 2. Nf3 {[%emt 0:00:00]} d6 {[%emt 0:00:00]} 3. d4 {[%emt 0:00:00]} cxd4 {[%emt 0:00:01]} 4. Nxd4 {[%emt 0:00:11]} Nf6 {[%emt 0:00:29]} 5. Nc3 {[%emt 0:00:17]} a6 {[%emt 0:00:44]} 6. a4 {[%emt 0:01:35]} e5 {[%emt 0:01:13]} 7. Nb3 {[%emt 0:00:54]} Be6 {[%emt 0:01:07]} 8. Be2 {[%emt 0:02:14]} Be7 {[%emt 0:01:15]} 9. O-O {[%emt 0:00:34]} O-O {[%emt 0:00:51]} 10. Be3 {[%emt 0:02:31]} Nbd7 {[%emt 0:01:39]} 11. f4 {[%emt 0:03:31]} exf4 {[%emt 0:02:47]} 12. Bxf4 {[%emt 0:00:13]} Nb6 {[%emt 0:02:37]} 13. Nd4 {[%emt 0:07:09]} Bc4 {[%emt 0:05:04]} 14. Nf5 {[%emt 0:03:15]} Bxe2 {[%emt 0:02:28]} 15. Qxe2 {[%emt 0:01:56]} Re8 {[%emt 0:02:36]} 16. Rfd1 {[%emt 0:02:23]} d5 {[%emt 0:02:35]} 17. Kh1 {[%emt 0:04:12]} Bc5 {[%emt 0:10:20]} 18. e5 {[%emt 0:05:23]} Qc8 {[%emt 0:18:50]} 19. Qd3 {[%emt 0:11:04]} Ng4 {[%emt 0:03:46]} 20. Bg3 {[%emt 0:09:43]} Rxe5 {[%emt 0:16:05]} 21. Nd4 {[%emt 0:20:58]} Re3 {[%emt 0:05:39]} 22. Qd2 {[%emt 0:01:07]} Nc4 {[%emt 0:05:10]} 23. Qc1 {[%emt 0:01:39]} Rxg3 {[%emt 0:01:15]} 24. hxg3 {[%emt 0:00:24]} Nf2+ {[%emt 0:00:09]} 25. Kh2 {[%emt 0:00:37]} Nxd1 {[%emt 0:00:13]} 26. Qxd1 {[%emt 0:00:26]} Nxb2 {[%emt 0:00:47]} 27. Qd2 {[%emt 0:01:04]} Qg4 {[%emt 0:01:47]} 28. Nce2 {[%emt 0:01:12]} Re8 {[%emt 0:03:06]} 29. Rb1 {[%emt 0:02:09]} Qh5+ {[%emt 0:04:44]} 0-1

[Event "CZE-ch U12 2020"]
[Site "Kouty nad Desnou"]
[Date "2020.03.09"]
[Round "4.11"]
[White "Sigut, Ondrej"]
[Black "Buchta, Bartolomej"]
[Result "0-1"]
[WhiteElo "1274"]
[BlackElo "1508"]
[Annotator "NA"]
[PlyCount "107"]
[EventDate "2020.03.07"]
[EventCountry "CZE"]
[SourceTitle "playchess.com"]
[Source "ChessBase"]
[SourceQuality "1"]
[TimeControl "5400+30"]

1. e4 {[%emt 0:00:00]} c5 {[%emt 0:00:00]} 2. Nf3 {[%emt 0:00:00]} d6 {[%emt 0:00:00]} 3. Bb5+ {[%emt 0:00:00]} Bd7 {[%emt 0:00:56]} 4. Bxd7+ {[%emt 0:00:31]} Qxd7 {[%emt 0:00:18]} 5. d4 {[%emt 0:01:58]} cxd4 {[%emt 0:00:14]} 6. Nxd4 {[%emt 0:01:15]} Nf6 {[%emt 0:00:27]} 7. Nc3 {[%emt 0:00:38]} Nc6 {[%emt 0:01:13]} 8. Nf3 {[%emt 0:02:22]} g6 {[%emt 0:04:46]} 9. O-O {[%emt 0:04:28]} Bg7 {[%emt 0:01:19]} 10. Bg5 {[%emt 0:02:26]} Rc8 {[%emt 0:04:02]} 11. Re1 {[%emt 0:03:13]} Ng4 {[%emt 0:03:59]} 12. h3 {[%emt 0:05:47]} Nge5 {[%emt 0:00:39]} 13. Nxe5 {[%emt 0:02:07]} Bxe5 {[%emt 0:01:24]} 14. Bh6 {[%emt 0:02:14]} Na5 {[%emt 0:05:23]} 15. Rb1 {[%emt 0:07:48]} Nc4 {[%emt 0:02:24]} 16. Re2 {[%emt 0:07:58]} Nxb2 {[%emt 0:03:00]} 17. Rxb2 {[%emt 0:02:14]} Rxc3 {[%emt 0:01:46]} 18. Rb3 {[%emt 0:08:35]} Qc7 {[%emt 0:02:20]} 19. Rxc3 {[%emt 0:03:15]} Qxc3 {[%emt 0:04:40]} 20. Re3 {[%emt 0:04:32]} Qd4 {[%emt 0:01:33]} 21. Qxd4 {[%emt 0:06:51]} Bxd4 {[%emt 0:00:08]} 22. Rb3 {[%emt 0:01:40]} b6 {[%emt 0:02:36]} 23. Kf1 {[%emt 0:04:15]} Kd7 {[%emt 0:00:21]} 24. c3 {[%emt 0:01:17]} Bc5 {[%emt 0:00:29]} 25. f3 {[%emt 0:00:49]} Ke6 {[%emt 0:06:17]} 26. Ke2 {[%emt 0:00:54]} d5 {[%emt 0:05:39]} 27. exd5+ {[%emt 0:02:09]} Kxd5 {[%emt 0:00:12]} 28. Kd3 {[%emt 0:03:00]} f5 {[%emt 0:02:03]} 29. c4+ {[%emt 0:03:28]} Kc6 {[%emt 0:00:36]} 30. Rc3 {[%emt 0:03:02]} Rd8+ {[%emt 0:00:28]} 31. Ke2 {[%emt 0:00:28]} Bb4 {[%emt 0:01:01]} 32. Rc2 {[%emt 0:01:14]} Kd6 {[%emt 0:04:57]} 33. Bf4+ {[%emt 0:02:12]} e5 {[%emt 0:00:24]} 34. Bg3 {[%emt 0:00:37]} Ke6 {[%emt 0:03:03]} 35. Bf2 {[%emt 0:03:27]} Rc8 {[%emt 0:01:29]} 36. Be3 {[%emt 0:01:48]} Rc7 {[%emt 0:02:18]} 37. Rc1 {[%emt 0:02:52]} Ba3 {[%emt 0:11:19]} 38. Rc3 {[%emt 0:00:53]} Bb4 {[%emt 0:00:38]} 39. Rc1 {[%emt 0:00:10]} e4 {[%emt 0:03:22]} 40. fxe4 {[%emt 0:01:50]} fxe4 {[%emt 0:00:09]} 41. Bf4 {[%emt 0:00:40]} Rd7 {[%emt 0:05:22]} 42. Rc2 {[%emt 0:01:35]} Kf5 {[%emt 0:01:19]} 43. Be3 {[%emt 0:00:51]} h5 {[%emt 0:02:16]} 44. Kf2 {[%emt 0:02:41]} Rc7 {[%emt 0:00:56]} 45. Rc1 {[%emt 0:00:18]} Bc5 {[%emt 0:01:13]} 46. g3 {[%emt 0:01:13]} b5 {[%emt 0:01:51]} 47. Bxc5 {[%emt 0:00:42]} Rxc5 {[%emt 0:00:07]} 48. Ke3 {[%emt 0:00:08]} Rxc4 {[%emt 0:02:09]} 49. Rxc4 {[%emt 0:00:22]} bxc4 {[%emt 0:00:06]} 50. Kd4 {[%emt 0:00:11]} h4 {[%emt 0:00:15]} 51. gxh4 Kf4 {[%emt 0:00:10]} 52. Kxc4 {[%emt 0:00:30]} Kf3 {[%emt 0:01:00]} 53. Kc3 {[%emt 0:00:11]} Kf2 {[%emt 0:00:22]} 54. Kd4 0-1

[Event "CZE-ch U12 2020"]
[Site "Kouty nad Desnou"]
[Date "2020.03.09"]
[Round "4.12"]
[White "Matus, Jakub"]
[Black "Tesar, Jakub"]
[Result "1/2-1/2"]
[WhiteElo "1240"]
[BlackElo "1446"]
[Annotator "NA"]
[PlyCount "84"]
[EventDate "2020.03.07"]
[EventCountry "CZE"]
[SourceTitle "playchess.com"]
[Source "ChessBase"]
[SourceQuality "1"]
[TimeControl "5400+30"]

1. e4 {[%emt 0:00:00]} e5 {[%emt 0:00:00]} 2. Nf3 {[%emt 0:00:00]} Nc6 {[%emt 0:00:00]} 3. Bb5 {[%emt 0:00:00]} a6 {[%emt 0:00:03]} 4. Ba4 {[%emt 0:00:00]} d6 {[%emt 0:00:48]} 5. Bxc6+ {[%emt 0:00:00]} bxc6 {[%emt 0:00:09]} 6. d4 {[%emt 0:00:00]} exd4 {[%emt 0:00:50]} 7. Qxd4 {[%emt 0:00:13]} Nf6 {[%emt 0:01:39]} 8. Nc3 {[%emt 0:02:38]} Be7 {[%emt 0:05:28]} 9. Bf4 {[%emt 0:04:08]} O-O {[%emt 0:03:21]} 10. O-O {[%emt 0:02:29]} Rb8 {[%emt 0:10:38]} 11. b3 {[%emt 0:04:13]} Re8 {[%emt 0:07:00]} 12. h3 {[%emt 0:07:17]} Nd7 {[%emt 0:06:00]} 13. Qc4 {[%emt 0:06:16]} Bf6 {[%emt 0:15:19]} 14. Rfe1 {[%emt 0:06:55]} c5 {[%emt 0:09:11]} 15. Rad1 {[%emt 0:05:17]} Rb4 {[%emt 0:04:38]} 16. Qd3 {[%emt 0:03:31]} Bxc3 {[%emt 0:03:51]} 17. Qxc3 {[%emt 0:00:07]} Rbxe4 {[%emt 0:00:23]} 18. Rxe4 {[%emt 0:00:26]} Rxe4 {[%emt 0:00:34]} 19. Bg3 {[%emt 0:00:45]} Nb6 {[%emt 0:05:43]} 20. Qd3 {[%emt 0:02:29]} Re8 {[%emt 0:05:55]} 21. Bh4 {[%emt 0:04:38]} f6 {[%emt 0:00:33]} 22. a4 {[%emt 0:01:35]} Bb7 {[%emt 0:02:40]} 23. a5 {[%emt 0:02:47]} Nd7 {[%emt 0:00:38]} 24. Qf5 {[%emt 0:06:15]} Be4 {[%emt 0:04:10]} 25. Qh5 {[%emt 0:00:51]} Bxc2 {[%emt 0:03:30]} 26. Qd5+ {[%emt 0:00:17]} Kf8 {[%emt 0:00:59]} 27. Rd2 {[%emt 0:00:46]} Be4 {[%emt 0:00:37]} 28. Qc4 {[%emt 0:00:30]} Bb7 {[%emt 0:03:07]} 29. Qc2 {[%emt 0:02:05]} Be4 {[%emt 0:00:47]} 30. Qc4 {[%emt 0:00:14]} Qa8 {[%emt 0:01:14]} 31. Re2 {[%emt 0:00:45]} Bd5 {[%emt 0:01:49]} 32. Rxe8+ {[%emt 0:00:51]} Kxe8 {[%emt 0:00:17]} 33. Qd3 {[%emt 0:00:31]} Be4 {[%emt 0:00:27]} 34. Qe2 {[%emt 0:00:16]} Kf8 {[%emt 0:00:17]} 35. Bg3 {[%emt 0:01:29]} Bxf3 36. gxf3 {[%emt 0:00:12]} Ne5 {[%emt 0:00:59]} 37. Bxe5 {[%emt 0:00:18]} fxe5 {[%emt 0:00:10]} 38. Qd3 {[%emt 0:00:24]} g6 {[%emt 0:00:28]} 39. Kg2 {[%emt 0:00:48]} Qb7 {[%emt 0:00:33]} 40. Kg3 {[%emt 0:00:51]} Ke7 {[%emt 0:00:55]} 41. Qc4 {[%emt 0:00:24]} Qa8 {[%emt 0:00:59]} 42. Qh4+ {[%emt 0:00:13]} Ke6 {[%emt 0:02:05]} 1/2-1/2

[Event "CZE-ch U12 2020"]
[Site "Kouty nad Desnou"]
[Date "2020.03.10"]
[Round "5.1"]
[White "Zelba, Lukas"]
[Black "Nemec, Jachym"]
[Result "0-1"]
[WhiteElo "1727"]
[BlackElo "2108"]
[Annotator "TA"]
[PlyCount "52"]
[EventDate "2020.03.07"]
[EventCountry "CZE"]
[SourceTitle "playchess.com"]
[Source "ChessBase"]
[SourceQuality "1"]

{[%evp 9,52,27,40,4,0,0,0,-54,-48,-62,-38,-118,-74,-132,-76,-106,-73,-161,-168,-179,-158,-179,-147,-200,-243,-604,-576,-494,-489,-474,-454,-451,-456,-775,-531,-525,-520,-777,-679,-734,-359,-29994,-29995,-29995,-890]} 1. d4 c5 2. d5 e5 3. e4 d6 4. f4 exf4 5. Bxf4 Ne7 6. Nc3 {Strongly threatening Bb5+. A44: Semi-Benoni.} Ng6 7. Bg3 Be7 {[#]} 8. Bf2 $146 (8. Nf3 $11) ({Predecessor:} 8. Bb5+ Bd7 9. Bd3 a6 10. a4 Qc7 11. Qe2 Bf6 12. Nf3 O-O 13. O-O Bg4 14. h3 {1-0 (31) Saenz Martinez,J (2201)-Gonzalez Izaguirre,S (1739) Zarautz 2019}) 8... a6 $15 9. a4 O-O 10. g3 (10. Nf3 $15) 10... Qb6 11. Ra3 (11. Nge2 $142) 11... f5 (11... Nd7 $142 12. Rb3 Qc7) 12. Rb3 Qa5 13. Nf3 (13. Bh3 $17 {was necessary.}) 13... fxe4 $19 14. Nd2 Ne5 15. Be2 Bh3 16. Rxb7 (16. Bf1 $17 {was called for.} Bf5 17. Nc4 Nxc4 18. Bxc4) 16... Nbd7 $1 17. Nc4 $2 (17. Bf1 Bf5 18. Be2) 17... Nxc4 18. Bxc4 {White hopes to continue with Bf1.} Bf6 19. Qd2 {[#]} e3 $1 {[%mdl 512]} 20. Bxe3 (20. Qxe3 Rae8) 20... Rae8 {[%cal Ba8e8,Be8e4,Be4d4][%mdl 32] Hoping for ...Bxc3.} 21. Ne4 (21. Kd1 $142 Bxc3 22. Qxc3 Qxc3 23. bxc3 Rxe3 24. Bxa6) 21... Qxd2+ 22. Kxd2 Rxe4 23. Bxa6 Rfe8 24. Bf4 Ne5 (24... Rd4+ $142 25. Bd3 c4 {[%mdl 64] Pin}) 25. Bb5 $2 (25. Bxe5 $19 R4xe5 26. Rb6) 25... Nf3+ {[%mdl 64] Discovered Attack} 26. Kd3 {[#]} Rd4+ {Black took control after the opening. Accuracy: White = 21%, Black = 64%.} (26... Bf5 $142 $1 {[%mdl 512]} 27. Rxg7+ Bxg7 28. Be5 R4xe5+ {[%mdl 64] Discovered Attack} 29. Kc3 {[#]} Re3+ $1 {[%mdl 576] Discovered Attack (Double check)} 30. Kc4 Ne5#) 0-1